Implicaciones psicológicas - éticas de la reproducción asistida /

সংরক্ষণ করুন:
গ্রন্থ-পঞ্জীর বিবরন
প্রধান লেখক: Valeirón, Leonardo
বিন্যাস: পাঠ‍্য
বিষয়গুলি:
ট্যাগগুলো: ট্যাগ যুক্ত করুন
কোনো ট্যাগ নেই, প্রথমজন হিসাবে ট্যাগ করুন!

MARC

LEADER 00000 a a2200000 04500
001 2898
003
040
100 |a Valeirón, Leonardo  
245 |a Implicaciones psicológicas - éticas de la reproducción asistida /  |c Leonardo Valeirón 
650 |a REPRODUCCION HUMANA  
650 |a ETICA  
650 |a ASPECTOS PSICOLOGICOS  
773 |g volumen 26, número 1; páginas 117-120  
999 |c 31469  |d 31469